| 000 | 00513nam a2200169Ia 4500 | ||
|---|---|---|---|
| 005 | 20250409091800.0 | ||
| 008 | 231217s9999 xx 000 0 und d | ||
| 020 | _a9788120304093 | ||
| 082 | _a001.6404 LIU;42 | ||
| 100 | _aLiu, Yu Cheng. Gibson, Glenn A. | ||
| 245 | 0 | _aMicrocomputer systems: The 8086 8088 family architecture programming and design | |
| 250 | _a2nd ed. | ||
| 260 |
_c1986 _bPHI _aNew Delhi |
||
| 300 | _aix,623 | ||
| 650 | _aMicrocomputer,systems:,architecture,programming | ||
| 942 | _cAA | ||
| 999 |
_c194652 _d194652 |
||